000 00558nam a2200157Ia 4500
008 151213s9999 xx 000 0 und d
100 _aমো: তসলিম উদ্দিন খান।
245 _aবাচার কেীশল।
_cমো: তসলিম উদ্দিন খান।
250 _a১ম সং
260 _aঢাকা
_bটি . ইউ.সান.
_c2003
300 _a3780 p.
650 _aBangla
650 _aসাহিত্য
700 _aমো: তসলিম উদ্দিন খান।
999 _c2492
_d2492